Statistics for Geographical Locations Starting with H

Click here to take the quiz!

General Stats

  • This quiz has been taken 76 times
  • The average score is 17 of 20

Answer Stats

HintAnswer% Correct
The largest city of Vietnam, formerly known as Saigon{Ho} {Chi} {Minh} City
100%
A country in the CaribbeanHaiti
97%
Capital of FinlandHelsinki
97%
Capital of VietnamHanoi
96%
The NetherlandsHolland
96%
Japanese city devastated by the first atomic bomb dropped in warfare in 1945Hiroshima
94%
A mountain range of south-central AsiaHimalayas
90%
Ivy League university in BostonHarvard
88%
Carthaginian general known for taking elephants over the AlpsHannibal
86%
A famous cigar produced in CubaHavana
85%
A mountainous area of ScotlandHighlands
83%
An island in the Caribbean, comprising the nations of Haiti and the Dominican RepublicHispaniola
82%
Largest archipelago in the United StatesHawaii
81%
The second largest island of JapanHokkaido
79%
A borough of New York named after a Dutch cityHarlem
76%
The state capital of Tasmania, AustraliaHobart
75%
Collective name for the islands off the west coast of ScotlandHebrides
74%
Provincial capital of Nova Scotia, CanadaHalifax
72%
The ninth president of the United StatesWilliam Henry {Harrison}
58%
The northern region of India, in which the predominant religion is HinduismHindustan
46%

Score Distribution

Percentile by Number Answered

Percent of People with Each Score

Your Score History

You have not taken this quiz